| 000 | 00730cam a2200277 4500500 | ||
|---|---|---|---|
| 005 | 20260329005118.0 | ||
| 041 | _afre | ||
| 042 | _adc | ||
| 100 | 1 | 0 |
_aRobert, Joséphine _eauthor |
| 245 | 0 | 0 | _a“Mensonge” |
| 260 | _c2022. | ||
| 500 | _a88 | ||
| 690 | _aAutorité | ||
| 690 | _aBernard Williams | ||
| 690 | _aCicéron | ||
| 690 | _aHonneur | ||
| 690 | _aInterdit | ||
| 690 | _aMensonge | ||
| 690 | _aMorale | ||
| 690 | _aNietzsche | ||
| 690 | _aPéché | ||
| 690 | _aRelativité | ||
| 690 | _aVérité | ||
| 786 | 0 | _nPhilosophie magazine | 161 | 8 | 2022-07-01 | p. 48-48 | 1951-1787 | |
| 856 | 4 | 1 | _uhttps://shs.cairn.info/magazine-philosophie-magazine-2022-8-page-48?lang=fr&redirect-ssocas=7080 |
| 999 |
_c1840388 _d1840388 |
||